Statistics for Greek Gods and Goddesses

Click here to take the quiz!

General Stats

  • This quiz has been taken 16,514 times
  • The average score is 16 of 24

Answer Stats

HintAnswer% Correct
King of the GodsZeus
99%
God of the DeadHades
94%
God of the SeasPoseidon
91%
Goddess of WisdomAthena
90%
Queen of the GodsHera
90%
Goddess of Love and BeautyAphrodite
88%
God of WarAres
86%
God of Music, Poetry, and LightApollo
84%
God of Thieves and MessengersHermes
82%
Goddess of the Hunt and Wild ThingsArtemis
79%
Goddess of the HarvestDemeter
69%
God of Wine and PartiesDionysus
68%
Mother EarthGaia
67%
Goddess of the Spring, Queen of the UnderworldPersephone
67%
God of the Forge and FireHephaestus
61%
God of LoveEros
56%
Goddess of the Hearth and HomeHestia
56%
God of Shepherds, the Wild, PanicPan
53%
God of the SunHelios
50%
Goddess of the RainbowIris
49%
God of SleepHypnos
38%
Goddess of Magic and SorceryHecate
34%
Goddess of the MoonSelene
33%
Goddess of the DawnEos
24%

Score Distribution

Percentile by Number Answered

Percent of People with Each Score

Your Score History

You have not taken this quiz